[Event "Tournoi Skype 015B"]
[Site "Skype"]
[Date "????.??.??"]
[Round "3.8"]
[White "Rochette, Mathieu"]
[Black "Sepulveda, Lyda Marcela"]
[Result "0-1"]
[WhiteElo "1399"]
[BlackElo "1183"]
[PlyCount "62"]

1. e4 e5 2. Nf3 Nc6 3. Bc4 Bc5 4. O-O Nf6 5. d3 d6 6. c3 O-O 7. Be3 Bb6 8. Ng5
d5 9. exd5 Na5 10. Nd2 Nxd5 11. Re1 c6 12. Qh5 h6 13. Nge4 Nxc4 14. Bg5 Qc7 15.
Nxc4 Nf4 16. Bxf4 exf4 17. Ned6 Be6 18. Re4 Bxc4 19. Nxc4 Rad8 20. d4 f5 21.
Re5 Rf6 22. Rae1 Qd7 23. Re8+ Rxe8 24. Rxe8+ Kh7 25. Ne5 Qd5 26. g4 fxg4 27.
Qxg4 c5 28. Re7 Qg8 29. Qf3 Kh8 30. Qe4 Bd8 31. Nf7+ Rxf7 0-1

[Event "Tournoi Skype 015B"]
[Site "Skype"]
[Date "????.??.??"]
[Round "3.9"]
[White "Rajpurohit, Dinesh"]
[Black "Hague, Mark"]
[Result "1-0"]
[WhiteElo "1574"]
[BlackElo "1418"]
[PlyCount "109"]

1. c4 c5 2. Nf3 Nc6 3. d4 cxd4 4. Nxd4 e5 5. Nxc6 bxc6 6. e4 Nf6 7. Bd3 Bc5 8.
O-O O-O 9. Nc3 d6 10. h3 Re8 11. a3 a6 12. Kh1 Rb8 13. b4 Bd4 14. Bb2 Be6 15.
Qc2 Qd7 16. f4 Bxh3 17. gxh3 Bxc3 18. Bxc3 Qxh3+ 19. Kg1 Qg3+ 20. Qg2 Qxd3 21.
Rf3 Qxe4 22. fxe5 dxe5 23. Re1 Qxc4 24. Ref1 Ne4 25. Rxf7 Qxf7 26. Rxf7 Kxf7
27. Qxe4 Re6 28. Qxh7 Rg6+ 29. Kf2 Rh6 30. Qe4 Rbh8 31. Bxe5 Re8 32. Qf5+ Kg8
33. Qg5 Rf8+ 34. Kg3 Rf7 35. Qg4 Kh7 36. Bf4 Rg6 37. Bg5 Rb7 38. Qh5+ Rh6 39.
Bxh6 gxh6 40. Qf5+ Kg7 41. Kh4 Rb5 42. Qd7+ Kf6 43. Qxc6+ Kf5 44. Qxa6 Rb8 45.
Qxh6 Ra8 46. b5 Ra4+ 47. Kh5 Rg4 48. Qf8+ Ke6 49. Kxg4 Kd7 50. Qf6 Kc7 51. Qc6+
Kb8 52. a4 Ka7 53. a5 Kb8 54. a6 Ka7 55. Qb7# 1-0

[Event "Tournoi Skype 015B"]
[Site "Skype"]
[Date "????.??.??"]
[Round "3.10"]
[White "Tripathi, Rajnikant"]
[Black "Ruiz Gomez, Luz Alba"]
[Result "1/2-1/2"]
[WhiteElo "1564"]
[BlackElo "1221"]
[PlyCount "38"]

1. d4 Nf6 2. c4 e6 3. Bg5 Be7 4. Qc2 d5 5. e3 Nbd7 6. Nc3 c6 7. Nf3 O-O 8. Bd3
g6 9. Rd1 Ne4 10. Bxe7 Qxe7 11. Bxe4 dxe4 12. Nxe4 b6 13. O-O h6 14. Ne5 c5 15.
Nf3 f5 16. Ng3 Bb7 17. Qe2 Bxf3 18. Qxf3 Rac8 19. Qb7 Ra8 1/2-1/2

[Event "Tournoi Skype 015B"]
[Site "Skype"]
[Date "????.??.??"]
[Round "3.11"]
[White "Talbot, Jacques"]
[Black "Capdeville, Jean"]
[Result "0-1"]
[WhiteElo "1500"]
[BlackElo "1330"]
[PlyCount "98"]

1. e4 e5 2. Nf3 d6 3. d4 Nd7 4. Bc4 Be7 5. Nc3 c6 6. Be3 Ngf6 7. h3 h6 8. Qd2
a6 9. a4 O-O 10. O-O-O b5 11. Ba2 Bb7 12. g4 Qa5 13. Bb3 b4 14. Na2 Nxe4 15.
Qxb4 Qxb4 16. Nxb4 a5 17. Nd3 Ba6 18. dxe5 Bxd3 19. Rxd3 Ndc5 20. Bxc5 Nxc5 21.
Rc3 Nxb3+ 22. Rxb3 Rab8 23. Rxb8 Rxb8 24. Re1 d5 25. Nd4 c5 26. Nc6 Rb7 27.
Nxa5 Rb6 28. Nb3 Rb4 29. a5 c4 30. Nd4 Ra4 31. Nc6 Bc5 32. f4 Bb4 33. Nxb4 Rxb4
34. c3 Ra4 35. e6 Kf8 36. Re5 Rxa5 37. Kc2 Ke7 38. f5 f6 39. Re3 Ra1 40. b4
cxb3+ 41. Kxb3 Rb1+ 42. Kc2 Ra1 43. Rd3 Ra5 44. Kb3 Rb5+ 45. Ka4 Rc5 46. Kb4
Rc4+ 47. Kb5 Kd6 48. Rd4 Rxc3 49. Rxd5+ Kxd5 0-1

[Event "Tournoi Skype 015B"]
[Site "Skype"]
[Date "????.??.??"]
[Round "3.12"]
[White "Mantelli, Luca"]
[Black "Briere, Jean"]
[Result "1/2-1/2"]
[WhiteElo "1287"]
[BlackElo "1455"]
[PlyCount "105"]

1. e4 e5 2. Nf3 Nc6 3. Bc4 Bc5 4. c3 Nf6 5. d3 O-O 6. b4 Bb6 7. b5 Na5 8. Nxe5
Nxc4 9. Nxc4 d6 10. Nxb6 axb6 11. Bg5 h6 12. Bh4 Re8 13. O-O Re6 14. Nd2 d5 15.
Re1 Qd7 16. a4 dxe4 17. Nxe4 Nxe4 18. Rxe4 Rxe4 19. dxe4 Qxd1+ 20. Rxd1 Be6 21.
Ra1 Bb3 22. Bg3 c6 23. bxc6 bxc6 24. Rb1 Bxa4 25. Rxb6 Bc2 26. f3 Ba4 27. Rb8+
Rxb8 28. Bxb8 Bc2 29. Bd6 g6 30. Kf2 f6 31. h4 Kf7 32. Ke3 Ke6 33. Bf4 g5 34.
hxg5 hxg5 35. Bh2 c5 36. Kd2 Ba4 37. c4 Bc6 38. g3 Ke5 39. g4+ Kd4 40. e5 fxe5
41. Bg1+ Kxc4 42. Ke3 Kd5 43. Bh2 c4 44. Bg1 Kc5 45. Kd2+ Kb4 46. Ke3 c3 47.
Bh2 c2 48. Kd2 Kb3 49. Bxe5 Bxf3 50. Kc1 Bxg4 51. Bf6 Bf5 52. Bxg5 Kc4 53. Bf6
1/2-1/2

[Event "Tournoi Skype 015B"]
[Site "Skype"]
[Date "????.??.??"]
[Round "3.13"]
[White "Duthoit, Bernard"]
[Black "Khatanhar, Mohit"]
[Result "1-0"]
[WhiteElo "1447"]
[BlackElo "1304"]
[PlyCount "53"]

1. e4 e5 2. d4 exd4 3. c3 dxc3 4. Bc4 cxb2 5. Bxb2 Qe7 6. Nd2 d6 7. Ngf3 Be6 8.
Qb3 b6 9. O-O Bxc4 10. Qxc4 Nf6 11. e5 dxe5 12. Nxe5 c5 13. Qb5+ Nbd7 14. Rfe1
O-O-O 15. Qa6+ Kb8 16. Nc6+ Ka8 17. Nxe7 Nb8 18. Qc4 Rxd2 19. Bxf6 gxf6 20.
Qxf7 Bh6 21. Qxf6 Rf8 22. Qh4 Bg7 23. Qe4+ Nc6 24. Qxc6+ Kb8 25. Nf5 Rdd8 26.
Rad1 Rxd1 27. Rxd1 1-0

[Event "Tournoi Skype 015B"]
[Site "Skype"]
[Date "????.??.??"]
[Round "3.14"]
[White "Le Brun, Yves"]
[Black "Vervoort, Jean-Louis"]
[Result "1-0"]
[WhiteElo "1437"]
[BlackElo "1304"]
[PlyCount "61"]

1. e4 e5 2. Nf3 d6 3. Bc4 h6 4. O-O Nf6 5. Re1 Be7 6. d4 Nc6 7. Nc3 O-O 8. dxe5
Nxe5 9. Nxe5 dxe5 10. Be3 Bg4 11. f3 Bh5 12. a3 a6 13. Qe2 b6 14. Rad1 Bd6 15.
Qf2 Qe7 16. h4 b5 17. Bb3 c5 18. Ne2 c4 19. Ba2 Rad8 20. c3 Rd7 21. g4 Bg6 22.
Bb1 Rfd8 23. Ng3 Bc7 24. Bc5 Bd6 25. Be3 Bc7 26. Bc2 Rd6 27. Bc5 Bb6 28. Bxb6
R8d7 29. Rxd6 Rxd6 30. Bc5 Nxe4 31. Nxe4 1-0

[Event "Tournoi Skype 015B"]
[Site "Skype"]
[Date "????.??.??"]
[Round "3.15"]
[White "Picard, Mario"]
[Black "Ramirez Reina, Orlando"]
[Result "0-1"]
[WhiteElo "1282"]
[BlackElo "1436"]
[PlyCount "92"]

1. d4 Nf6 2. c4 e6 3. Nf3 Be7 4. Nc3 d5 5. e3 O-O 6. Bd3 c5 7. e4 cxd4 8. Nxd4
Bb4 9. cxd5 exd5 10. O-O dxe4 11. Nxe4 Qxd4 12. Nxf6+ Qxf6 13. Be4 Rd8 14. Qc2
h6 15. a3 Bf8 16. Be3 Nc6 17. Rad1 Bg4 18. Rd2 Rxd2 19. Qxd2 Rd8 20. Qc2 Nd4
21. Bxd4 Qxd4 22. h3 Bc8 23. Rd1 Qxd1+ 24. Qxd1 Rxd1+ 25. Kh2 Rd2 26. f3 Rxb2
27. Kg3 Bxa3 28. h4 Bd6+ 29. f4 g5 30. hxg5 hxg5 31. Kf3 gxf4 32. Bd5 Kg7 33.
Bc4 b5 34. Bd3 f5 35. Bxf5 Bxf5 36. g3 Rb3+ 37. Ke2 fxg3 38. Kf1 Bd3+ 39. Kg2
Rb2+ 40. Kf3 g2 41. Ke3 Bc4 42. Ke4 g1=Q 43. Kf3 Rf2+ 44. Ke3 Qe1+ 45. Kd4 Rd2+
46. Kc3 Qc1# 0-1

[Event "Tournoi Skype 015B"]
[Site "Skype"]
[Date "????.??.??"]
[Round "3.16"]
[White "Bilsel, Sebahittin"]
[Black "Yeter, Orhan"]
[Result "0-1"]
[WhiteElo "1236"]
[BlackElo "1431"]
[PlyCount "44"]

1. e4 e5 2. Bc4 Nf6 3. Nf3 Nc6 4. d3 d6 5. Nc3 h6 6. O-O Be7 7. h3 O-O 8. Be3
a6 9. Nd5 b5 10. Nxf6+ Bxf6 11. Bd5 Bb7 12. c3 Na5 13. Bxb7 Nxb7 14. d4 exd4
15. Bxd4 Bxd4 16. cxd4 Re8 17. Re1 c5 18. d5 c4 19. Nd2 Nc5 20. Qc2 Nd3 21. Re3
Qf6 22. Qb1 Qxf2+ 0-1

[Event "Tournoi Skype 015B"]
[Site "Skype"]
[Date "????.??.??"]
[Round "3.18"]
[White "Guillen Andrinal, Pablo"]
[Black "Lequeux, Pierre"]
[Result "1-0"]
[WhiteElo "1399"]
[BlackElo "1223"]
[PlyCount "91"]

1. e4 e5 2. Nf3 Nf6 3. d4 Bd6 4. dxe5 Bxe5 5. Nxe5 h6 6. Bc4 O-O 7. Nc3 Re8 8.
Bxf7+ Kf8 9. Bxe8 Qxe8 10. Qd4 d6 11. Ng6+ Qxg6 12. O-O Nc6 13. Qd1 Bg4 14. f3
Be6 15. Be3 Bh3 16. Rf2 Be6 17. h3 b6 18. Rc1 Bc4 19. Rd2 Rd8 20. Bf4 Qe8 21.
Qe1 Nh5 22. Bh2 Qf7 23. Nd5 Nf6 24. Nxf6 Qxf6 25. b3 Be6 26. Re2 Nd4 27. Rd2
Nb5 28. c4 Nd4 29. e5 Nxf3+ 30. gxf3 Qxf3 31. Qf2 Qf7 32. Qxf7+ Kxf7 33. exd6
cxd6 34. Rcd1 Bxh3 35. Rxd6 Re8 36. R6d2 Bg4 37. Rf2+ Kg8 38. Rdf1 Kh7 39. Rf7
Bh3 40. R1f2 Be6 41. Rxa7 Kg8 42. Bd6 Rd8 43. Bc7 Rd1+ 44. Rf1 Rd2 45. Bxb6 Rd8
46. Bxd8 1-0

[Event "Tournoi Skype 015B"]
[Site "Skype"]
[Date "????.??.??"]
[Round "3.19"]
[White "Cengiz, Cem"]
[Black "Mace, Patrick"]
[Result "1-0"]
[WhiteElo "1225"]
[BlackElo "1399"]
[PlyCount "29"]

1. e4 e5 2. Nf3 Nc6 3. d4 d6 4. Bb5 Nf6 5. dxe5 Nxe4 6. exd6 cxd6 7. Nd4 Bd7 8.
Qe2 Be7 9. Qxe4 O-O 10. Bd3 f6 11. Qxh7+ Kf7 12. Qg6+ Kg8 13. Bh6 Rf7 14. Qh7+
Kf8 15. Qh8# 1-0

[Event "Tournoi Skype 015B"]
[Site "Skype"]
[Date "????.??.??"]
[Round "3.20"]
[White "Dubois, Real"]
[Black "Coude, Josue"]
[Result "1-0"]
[WhiteElo "1373"]
[BlackElo "1081"]
[PlyCount "59"]

1. d4 d5 2. g3 Nf6 3. Bg2 e6 4. c4 b6 5. cxd5 exd5 6. Nf3 Bd6 7. Nbd2 O-O 8.
O-O Qe7 9. a3 Bb7 10. b4 b5 11. Nh4 g6 12. Re1 Nbd7 13. Nb3 a6 14. Na5 Rab8 15.
Bb2 Nb6 16. Rc1 Nc4 17. Nxc4 bxc4 18. Nf3 Rfe8 19. Nd2 Nd7 20. Bh3 Nb6 21. e3
c6 22. Nf3 Bc8 23. Bxc8 Rexc8 24. Ne5 Bxe5 25. dxe5 f6 26. exf6 Qf7 27. Qd4 Na4
28. Ba1 Rd8 29. Red1 Rb5 30. Qh4 1-0

[Event "Tournoi Skype 015B"]
[Site "Skype"]
[Date "????.??.??"]
[Round "3.21"]
[White "Paquay, Renaud"]
[Black "Hargez, Dany"]
[Result "0-1"]
[WhiteElo "1187"]
[BlackElo "1369"]
[PlyCount "36"]

1. d4 d5 2. Nf3 Nf6 3. Bg5 c5 4. e3 Bg4 5. Be2 Bxf3 6. Bxf3 e6 7. dxc5 Bxc5 8.
O-O Nc6 9. Nc3 O-O 10. Bh5 Be7 11. Bf3 Ne8 12. Bxe7 Qxe7 13. a3 Nf6 14. Re1
Rad8 15. Qe2 e5 16. Rad1 e4 17. Bg4 Qe5 18. Bf5 Qxf5 0-1

[Event "Tournoi Skype 015B"]
[Site "Skype"]
[Date "????.??.??"]
[Round "3.23"]
[White "Gerbaux, Regis"]
[Black "Farthouat, Catherine"]
[Result "1-0"]
[WhiteElo "1364"]
[BlackElo "1039"]
[PlyCount "57"]

1. e4 e5 2. f4 Nc6 3. Nf3 Nf6 4. d3 Bb4+ 5. c3 Bc5 6. fxe5 O-O 7. exf6 Qxf6 8.
Bg5 Qe6 9. Qe2 d5 10. Bf4 Qe7 11. exd5 Re8 12. dxc6 bxc6 13. d4 Bb6 14. Nbd2
Bf5 15. Qxe7 Rxe7+ 16. Be2 Rae8 17. Ne5 c5 18. Ndf3 f6 19. Bc4+ Kh8 20. O-O
fxe5 21. Bxe5 Bg4 22. Ng5 cxd4 23. Bxd4 h6 24. Nf7+ Kh7 25. Bd3+ Kg8 26. Bg6
Re6 27. Bd3 c5 28. Bc4 R6e7 29. Nd6+ 1-0

[Event "Tournoi Skype 015B"]
[Site "Skype"]
[Date "????.??.??"]
[Round "3.24"]
[White "Kruk, Clementine"]
[Black "Farthouat, Titoine"]
[Result "0-1"]
[WhiteElo "1035"]
[BlackElo "1357"]
[PlyCount "98"]

1. e4 e5 2. Nf3 Nc6 3. Bc4 Nf6 4. Ng5 d5 5. Bd3 dxe4 6. Nxe4 Nxe4 7. Bxe4 Bc5
8. Nc3 O-O 9. Qh5 h6 10. d3 Nd4 11. O-O Nxc2 12. Rb1 Qf6 13. h4 Ne1 14. Bg5 Bg4
15. Qxg4 hxg5 16. hxg5 Qe6 17. Qf5 Qxf5 18. Bxf5 Nc2 19. Be4 c6 20. Na4 Bd4 21.
a3 f5 22. Bf3 Rfe8 23. Bh5 Re6 24. Rbc1 Ne3 25. fxe3 Bxe3+ 26. Kh1 Bxc1 27.
Rxc1 e4 28. Nc5 Re7 29. Bg6 exd3 30. Nxd3 Rf8 31. Re1 Rxe1+ 32. Nxe1 Rd8 33.
Nf3 Rd1+ 34. Kh2 Rb1 35. b4 b5 36. Bxf5 Ra1 37. Be6+ Kf8 38. Ne5 Rxa3 39. Nxc6
Re3 40. Bd5 Ra3 41. Nd4 a6 42. Bb7 Ra4 43. Nc6 Kf7 44. Kh3 Ra3+ 45. Kh4 Ra2 46.
g3 Ke6 47. Kh5 Kf5 48. g4+ Kf4 49. Kh4 Rh2# 0-1

[Event "Tournoi Skype 015B"]
[Site "Skype"]
[Date "????.??.??"]
[Round "3.25"]
[White "Martin, Jean-Claude"]
[Black "Talbot, Jean"]
[Result "1-0"]
[WhiteElo "1340"]
[BlackElo "1041"]
[PlyCount "45"]

1. d4 d5 2. c4 dxc4 3. Nc3 e6 4. a3 Nc6 5. Nf3 Bd6 6. e4 e5 7. d5 Nd4 8. Nxd4
exd4 9. Qxd4 Qf6 10. Qxf6 Nxf6 11. e5 Bc5 12. exf6 gxf6 13. Bxc4 O-O 14. O-O
Re8 15. Bf4 Bd6 16. Bxd6 cxd6 17. Nb5 Re4 18. Nxd6 Re5 19. Rfe1 Bf5 20. Rxe5
fxe5 21. Nxf5 Re8 22. d6 Rc8 23. Nh6+ 1-0

[Event "Tournoi Skype 015B"]
[Site "Skype"]
[Date "????.??.??"]
[Round "3.26"]
[White "Bustos, Ricardo"]
[Black "Farfallini, Michel"]
[Result "1-0"]
[WhiteElo "1120"]
[BlackElo "1320"]
[PlyCount "59"]

1. d4 d5 2. Nf3 Nf6 3. c4 e6 4. Bg5 Be7 5. Nc3 O-O 6. e3 c6 7. Be2 Nbd7 8. O-O
Re8 9. Re1 Qc7 10. Rc1 Qb8 11. cxd5 cxd5 12. Bf4 Bd6 13. Ne5 Nxe5 14. dxe5 Bxe5
15. Bxe5 Qxe5 16. Qd2 b6 17. Bf3 Bb7 18. g3 Red8 19. Qd4 Qf5 20. Qf4 Qxf4 21.
gxf4 Rd7 22. Ne2 Rc8 23. Rxc8+ Bxc8 24. Rc1 Bb7 25. Bg2 b5 26. Nd4 Rd8 27. Nxb5
Nd7 28. Nxa7 Ra8 29. Nb5 Rxa2 30. Nd6 1-0

[Event "Tournoi Skype 015B"]
[Site "Skype"]
[Date "????.??.??"]
[Round "3.27"]
[White "Tamditi, Ibrahim"]
[Black "Vincent, Andre"]
[Result "0-1"]
[WhiteElo "1430"]
[BlackElo "1386"]
[PlyCount "84"]

1. e4 e5 2. Nf3 Nc6 3. Bc4 Nf6 4. Ng5 d5 5. exd5 Nxd5 6. Nxf7 Kxf7 7. Qf3+ Ke8
8. Bxd5 Qf6 9. Bxc6+ bxc6 10. Qe3 Bd6 11. Nc3 Qf4 12. Qxf4 exf4 13. O-O Kd8 14.
d3 Bf5 15. a3 Kd7 16. Ne2 g5 17. Nd4 Bg6 18. b4 Be5 19. Bb2 Bxd4 20. Bxd4 Rhe8
21. a4 Re2 22. Rfc1 a6 23. Ra3 Rae8 24. Kf1 Rd2 25. Bc3 Rxc2 26. Rxc2 Bxd3+ 27.
Kg1 Bxc2 28. h3 Re4 29. Ra2 Bb3 30. Rd2+ Bd5 31. Kf1 Kc8 32. f3 Re3 33. Rc2 Bb3
34. Rc1 Bxa4 35. Bd2 Bb5+ 36. Kf2 Rd3 37. Ke1 Rd4 38. Bc3 Rd3 39. Bf6 Re3+ 40.
Kf2 Re2+ 41. Kf1 Rc2+ 42. Ke1 Rxc1+ 0-1

[Event "Tournoi Skype 015B"]
[Site "Skype"]
[Date "????.??.??"]
[Round "3.28"]
[White "Melin, Christiane"]
[Black "Moumtaz, Abderrahim"]
[Result "1-0"]
[WhiteElo "1174"]
[BlackElo "1399"]
[PlyCount "73"]

1. e4 e5 2. Nf3 Nc6 3. Nc3 Bc5 4. Nd5 Nf6 5. c3 Nxe4 6. d3 Nxf2 7. Qc2 Nxh1 8.
b4 Bd6 9. g3 O-O 10. Bg5 Be7 11. a4 d6 12. Bxe7 Nxe7 13. Nxe7+ Qxe7 14. Bg2 e4
15. dxe4 Bg4 16. Bxh1 d5 17. Nd2 Bf5 18. O-O-O dxe4 19. Nxe4 Bxe4 20. Bxe4 Rfe8
21. Re1 Qg5+ 22. Kb2 Re6 23. h4 Qxg3 24. Bxh7+ Kf8 25. Rxe6 fxe6 26. Be4 Rb8
27. b5 Qxh4 28. Qd1 Qxe4 29. Qh5 c6 30. Qh8+ Kf7 31. Qxb8 Qe2+ 32. Kb3 Qd1+ 33.
Kc4 Qe2+ 34. Kb4 Qxb5+ 35. axb5 Kg6 36. Qxb7 c5+ 37. Kxc5 1-0

[Event "Tournoi Skype 015B"]
[Site "Skype"]
[Date "????.??.??"]
[Round "3.29"]
[White "Lecluyse, Koenraad"]
[Black "Martin, Elise"]
[Result "1-0"]
[WhiteElo "1305"]
[BlackElo "1130"]
[PlyCount "59"]

1. d4 e6 2. e4 Nf6 3. e5 Nd5 4. Nf3 Nc6 5. Be2 Bb4+ 6. c3 Ba5 7. Bg5 f6 8. exf6
gxf6 9. Bh4 d6 10. Bb5 Qd7 11. O-O Rg8 12. g3 e5 13. Nbd2 exd4 14. Qe2+ Nde7
15. Nxd4 Bb6 16. Qh5+ Ng6 17. Rae1+ Kd8 18. Bxf6+ Nge7 19. Qf7 Qe8 20. Ne6+ Kd7
21. Bxc6+ bxc6 22. Qxh7 Bb7 23. Nd4 c5 24. Nb5 c4 25. Rxe7+ Qxe7 26. Qxe7+ Kc8
27. Qe6+ Kb8 28. Qxg8+ Bc8 29. Nxc4 Bc5 30. Qf7 1-0

[Event "Tournoi Skype 015B"]
[Site "Skype"]
[Date "????.??.??"]
[Round "3.30"]
[White "Douichi, Mohammed"]
[Black "Baker, Abi"]
[Result "1-0"]
[WhiteElo "1240"]
[BlackElo "1072"]
[PlyCount "83"]

1. e4 e6 2. Nc3 Nf6 3. e5 Be7 4. exf6 Bxf6 5. Nf3 O-O 6. Be2 d5 7. d4 Re8 8.
O-O a6 9. Bf4 Nc6 10. a3 e5 11. dxe5 Nxe5 12. Bxe5 Bxe5 13. Bd3 f5 14. Re1
Bxh2+ 15. Nxh2 Rxe1+ 16. Qxe1 d4 17. Bc4+ Kh8 18. Nd5 b5 19. Bb3 Bb7 20. Qe5
Qh4 21. Qxf5 Re8 22. Nf3 Qe4 23. Qf7 Bc6 24. Qxc7 Bxd5 25. Re1 d3 26. Rxe4 Bxe4
27. Ne5 d2 28. Nf7+ Kg8 29. Qd7 Rf8 30. Qxd2 Rxf7 31. Bxf7+ Kxf7 32. Qf4+ Ke6
33. Qxe4+ Kd6 34. Qa8 b4 35. Qxa6+ Kc5 36. Qa5+ Kc6 37. axb4 h6 38. b5+ Kd6 39.
b6 Kc6 40. c4 g5 41. c5 g4 42. b4 1-0

[Event "Tournoi Skype 015B"]
[Site "Skype"]
[Date "????.??.??"]
[Round "3.33"]
[White "Gagnon, Sindy"]
[Black "Armingaud, Jean-Claude"]
[Result "0-1"]
[WhiteElo "1049"]
[BlackElo "1198"]
[PlyCount "70"]

1. e4 e6 2. Nf3 d5 3. exd5 Qxd5 4. Nc3 Qd6 5. Bb5+ Bd7 6. O-O Nc6 7. d4 Qb4 8.
Bd2 Nxd4 9. a3 Qd6 10. Be2 Nxe2+ 11. Qxe2 Qb6 12. Na4 Qb5 13. c4 Qxa4 14. b3
Qxb3 15. Rab1 Qxa3 16. Bc1 Qa6 17. Rd1 Nf6 18. Rb5 c6 19. Re5 Be7 20. Qd3 O-O-O
21. Nd2 Ng4 22. Nb3 Nxe5 23. Qc3 Nxc4 24. Nc5 Bxc5 25. g4 e5 26. h4 Bxg4 27.
Re1 Rhe8 28. Kg2 e4 29. f3 exf3+ 30. Kg3 Rxe1 31. Qxe1 Bh5 32. Qc3 f6 33. Kf4
f2 34. Kf5 f1=Q+ 35. Ke4 Re8+ 0-1

[Event "Tournoi Skype 015B"]
[Site "Skype"]
[Date "????.??.??"]
[Round "3.34"]
[White "Alverson, Ginny"]
[Black "Marty, Yvette"]
[Result "1-0"]
[WhiteElo "1193"]
[BlackElo "1000"]
[PlyCount "57"]

1. Nf3 Nc6 2. d4 d6 3. c4 e5 4. d5 Nce7 5. Nbd2 c6 6. e4 Nf6 7. Be2 c5 8. O-O
Ng6 9. Qa4+ Nd7 10. Nb3 Be7 11. Be3 O-O 12. Na5 Nb6 13. Qc2 Rb8 14. Qd2 Nh4 15.
Nxh4 Bxh4 16. g3 Bh3 17. Rfe1 Qf6 18. gxh4 Qg6+ 19. Bg5 Qxe4 20. f3 Qd4+ 21.
Qxd4 cxd4 22. Rad1 Nd7 23. Be7 Rfe8 24. Bxd6 Rbc8 25. Nxb7 Rxc4 26. Bxc4 Re6
27. dxe6 fxe6 28. Bb5 h6 29. Bxd7 1-0

[Event "Tournoi Skype 015B"]
[Site "Skype"]
[Date "????.??.??"]
[Round "4.1"]
[White "Gharbi, Said"]
[Black "Hernandez, George"]
[Result "1-0"]
[WhiteElo "1365"]
[BlackElo "1466"]
[PlyCount "97"]

1. e4 e5 2. Nf3 Nc6 3. Bb5 d6 4. d4 a6 5. Bxc6+ bxc6 6. dxe5 Bg4 7. exd6 cxd6
8. O-O Nf6 9. Bg5 Be7 10. Re1 Qa5 11. Nc3 O-O 12. Bxf6 Bxf6 13. Qxd6 Bxf3 14.
gxf3 Qg5+ 15. Qg3 Qd2 16. Re2 Qh6 17. e5 Bh4 18. Qg4 f5 19. exf6 Bxf6 20. Qc4+
Kh8 21. Qxc6 Qg6+ 22. Kf1 Qf5 23. Kg2 Be5 24. Qe4 Qg5+ 25. Kh1 Rae8 26. Rg1 Qh5
27. Rg2 Rxf3 28. Qg4 Qh3 29. Qxh3 Rxh3 30. Na4 h5 31. f4 Rh4 32. Rg5 Kh7 33.
Rgxe5 Rxe5 34. Rxe5 Rxf4 35. Rxh5+ Kg6 36. Ra5 Kh7 37. Nc5 Rf5 38. b4 Rf1+ 39.
Kg2 Rc1 40. c4 Rxc4 41. Rxa6 Kg8 42. Ra7 Kf8 43. Rb7 g5 44. a4 g4 45. Kg3 Ke8
46. a5 Kd8 47. a6 Kc8 48. a7 Rxc5 49. a8=Q# 1-0

[Event "Tournoi Skype 015B"]
[Site "Skype"]
[Date "????.??.??"]
[Round "4.2"]
[White "Vello, Pablo"]
[Black "De Coninck, Philippe"]
[Result "1-0"]
[WhiteElo "1324"]
[BlackElo "1462"]
[PlyCount "77"]

1. e4 e5 2. Nf3 Nf6 3. d3 Nc6 4. Bg5 Be7 5. Bxf6 Bxf6 6. Nc3 O-O 7. Be2 d6 8.
Nd5 Be6 9. Nxf6+ Qxf6 10. Qd2 h6 11. O-O Rad8 12. Qc3 Bg4 13. Rad1 Rd7 14. Rfe1
Bxf3 15. Bxf3 Nd4 16. Be2 c6 17. Qd2 Rfd8 18. c3 Nxe2+ 19. Rxe2 d5 20. d4 dxe4
21. Rxe4 b5 22. b4 Qe6 23. a3 f5 24. Rxe5 Qg6 25. Qf4 Qf6 26. Qxf5 Qxf5 27.
Rxf5 Re7 28. Kf1 Rde8 29. Re5 Kf7 30. Rde1 Rxe5 31. Rxe5 Rxe5 32. dxe5 Ke6 33.
f4 g5 34. g3 h5 35. Ke2 h4 36. Kf3 hxg3 37. hxg3 gxf4 38. Kxf4 Kd5 39. Kf5 1-0

[Event "Tournoi Skype 015B"]
[Site "Skype"]
[Date "????.??.??"]
[Round "4.3"]
[White "Rivas, Jonathan"]
[Black "Rugman, Dan"]
[Result "0-1"]
[WhiteElo "1399"]
[BlackElo "1320"]
[PlyCount "66"]

1. e4 c5 2. Bc4 e6 3. Nf3 Nc6 4. h3 d5 5. Bb5 dxe4 6. Ne5 Qc7 7. d4 Bd7 8. Nxd7
Qxd7 9. Be3 a6 10. Bxc6 Qxc6 11. O-O Rd8 12. c3 Nf6 13. Nd2 cxd4 14. cxd4 Be7
15. b3 O-O 16. Nc4 b5 17. Ne5 Qb7 18. Rc1 Bd6 19. Ng4 Nd5 20. Qd2 f5 21. Ne5 f4
22. Nc6 Rc8 23. Na5 Qb6 24. Rxc8 Rxc8 25. Bxf4 Bxf4 26. Qe2 Qxa5 27. Qxe4 Rc6
28. g3 Bb8 29. f4 Qxa2 30. f5 Qxb3 31. fxe6 Qxg3+ 32. Qg2 Qxg2+ 33. Kxg2 Ne3+
0-1

[Event "Tournoi Skype 015B"]
[Site "Skype"]
[Date "????.??.??"]
[Round "4.4"]
[White "Sepulveda, Lyda Marcela"]
[Black "Perrone, Gabriel Lorenzo"]
[Result "1-0"]
[WhiteElo "1183"]
[BlackElo "1385"]
[PlyCount "83"]

1. e4 d6 2. d4 g6 3. Nf3 Bg7 4. Nc3 Nf6 5. Be2 O-O 6. O-O e5 7. Be3 Ng4 8. Bg5
Nf6 9. Qd2 a6 10. a4 Nc6 11. Bh6 Bg4 12. Bxg7 Kxg7 13. Nd5 Nxe4 14. Qe3 Nf6 15.
Nxf6 Qxf6 16. Rad1 Bxf3 17. dxe5 Nxe5 18. Bxf3 Nxf3+ 19. gxf3 Rfe8 20. Qb3 Rab8
21. Rd3 Re5 22. Kh1 Qe6 23. Qc3 Qf6 24. Qxc7 Rbe8 25. Qxd6 Re2 26. Qd7 Qxb2 27.
Qd4+ Qxd4 28. Rxd4 Rxc2 29. Rd7 b5 30. axb5 axb5 31. Rb7 Ree2 32. Kg2 Rb2 33.
Kg3 b4 34. h4 h5 35. Rd1 Rxf2 36. Rdd7 Rg2+ 37. Kf4 Kg8 38. Rxf7 Rh2 39. Kg5
Rbg2+ 40. Kh6 Rxh4 41. Rg7+ Kf8 42. Rb8# 1-0

[Event "Tournoi Skype 015B"]
[Site "Skype"]
[Date "????.??.??"]
[Round "4.5"]
[White "Porcabeuf, Jean-Marc"]
[Black "Rajpurohit, Dinesh"]
[Result "1/2-1/2"]
[WhiteElo "1438"]
[BlackElo "1574"]
[PlyCount "50"]

1. d4 Nf6 2. c4 d5 3. Nc3 e6 4. a3 c5 5. e3 cxd4 6. exd4 Be7 7. Nf3 O-O 8. Bd3
h6 9. O-O Nc6 10. c5 b6 11. cxb6 axb6 12. Re1 Bb7 13. Bc2 Re8 14. Bf4 Ba6 15.
Ne5 Nxe5 16. Bxe5 Bd6 17. Bxf6 Qxf6 18. Re3 Rac8 19. Rf3 Qe7 20. Qd2 Qc7 21.
Rh3 Bf4 22. Qd1 Qd7 23. Qg4 Bg5 24. Re1 f5 25. Qf3 Qf7 1/2-1/2

[Event "Tournoi Skype 015B"]
[Site "Skype"]
[Date "????.??.??"]
[Round "4.6"]
[White "Hargez, Dany"]
[Black "Duthoit, Bernard"]
[Result "0-1"]
[WhiteElo "1369"]
[BlackElo "1447"]
[PlyCount "42"]

1. d4 d5 2. c4 Nf6 3. Nc3 e6 4. Bg5 Be7 5. Bxf6 Bxf6 6. Nf3 a6 7. e4 dxe4 8.
Nxe4 Nc6 9. Nxf6+ Qxf6 10. Be2 O-O 11. O-O Rd8 12. d5 exd5 13. cxd5 Qxb2 14.
Bc4 Qf6 15. Qe2 Qe7 16. Rfe1 Qxe2 17. Rxe2 Na5 18. Rae1 Bg4 19. Bd3 Bxf3 20.
Re8+ Rxe8 21. gxf3 Rxe1+ 0-1

[Event "Tournoi Skype 015B"]
[Site "Skype"]
[Date "????.??.??"]
[Round "4.7"]
[White "Farthouat, Titoine"]
[Black "Le Brun, Yves"]
[Result "1-0"]
[WhiteElo "1357"]
[BlackElo "1437"]
[PlyCount "107"]

1. e4 d6 2. d4 g6 3. Nf3 Nc6 4. d5 Nb8 5. Bb5+ c6 6. Ba4 Qa5+ 7. c3 b5 8. Bb3
Nf6 9. Qd3 Bg7 10. O-O c5 11. c4 bxc4 12. Bxc4 Ba6 13. Bxa6 Nxa6 14. a3 Nd7 15.
Bd2 Qb6 16. Bc3 O-O 17. Bxg7 Kxg7 18. Qc3+ Kg8 19. Nbd2 Rac8 20. Nc4 Qc7 21.
Na5 Nab8 22. Rab1 Nb6 23. b3 Qd7 24. Rfe1 f6 25. a4 e5 26. dxe6 Qxe6 27. Nh4
Qe5 28. Qxe5 fxe5 29. Red1 Rf6 30. Nb7 Rc6 31. f3 Kf8 32. Kf1 Kf7 33. Na5 Rc7
34. Rbc1 Na6 35. Nc4 Nxc4 36. Rxc4 Rb7 37. Rb1 Nb4 38. Rc3 a5 39. Ke2 Nc6 40.
g3 Nd4+ 41. Kf2 Ke6 42. Ng2 Rb4 43. Ne3 Nxf3 44. Ke2 Rxe4 45. h4 Nd4+ 46. Kd3
Rf3 47. Kxe4 d5+ 48. Kd3 e4+ 49. Kd2 Rf2+ 50. Ke1 Re2+ 51. Kd1 Kd6 52. Rbc1 c4
53. bxc4 Rb2 54. c5+ 1-0